=LDR 00000nam 2200000 4500 =001 INLIS000000000038352 =005 20130612144025 =008 ***********************************Ind** =035 ##$$a0010-061300000038352 =041 ##$$a Ind =082 ##$$a 641.5 =090 ##$$a 641.5, Ism c =100 ##$$a Ismayani, Yeni =245 ##$$a Camilan gurih praktis, Yeni Ismayani; Editor, Intarina Hardiman =260 ##$$a 2010 $b Jakarta =300 ##$$a 40 hlm, Ilus, 22 =650 ##$$a Masakan, Resep =700 ##$$a Hardiman, Intarina =850 ##$$a NBPNMAT =990 ##$$a 21400613/BPAP-NTB/20142014 =990 ##$$a 86518651 =990 ##$$a 01201808651 =990 ##$$a 21400613/BPAP-NTB/20142014